Messages from Heaven: Afterlife Communication/ (Record no. 187268)

MARC details
000 -LEADER
fixed length control field 00576nam a22001817a 4500
005 - DATE AND TIME OF LATEST TRANSACTION
control field 20220411113610.0
010 ## - LCCN (DPL NO)
LC control number ENG-132255
020 ## - INTERNATIONAL STANDARD BOOK NUMBER
International Standard Book Number 9789391317348
Terms of availability 200.00
035 ## - SYSTEM CONTROL NUMBER
System control number EN-115787
037 ## - SOURCE OF ACQUISITION
Source of stock number/acquisition DBAD/PUB
082 ## - DEWEY DECIMAL CLASSIFICATION NUMBER
Classification number 133.9
100 ## - MAIN ENTRY--PERSONAL NAME
Personal name Kapur, Nandini Sinha
245 ## - TITLE STATEMENT
Title Messages from Heaven: Afterlife Communication/
Statement of responsibility, etc Nandini Sinha Kapur
260 ## - PUBLICATION, DISTRIBUTION, ETC. (IMPRINT)
Place of publication, distribution, etc Noida
Name of publisher, distributor, etc Jitendra Anand Infratech Private Limited
Date of publication, distribution, etc 2021
270 ## - ADDRESS
City Noida
Address 2203, Express Trade Towers-2, Sector-132
Postal code 201304
300 ## - PHYSICAL DESCRIPTION
Extent 81p.
Dimensions 22cm(pbk)
942 ## - ADDED ENTRY ELEMENTS (KOHA)
Source of classification or shelving scheme Dewey Decimal Classification
Item type English Books
Call number suffix KAP
Classification part 133.9
Holdings
Withdrawn status Lost status Not for loan Collection code Home library Current library Date acquired Source of acquisition Cost, normal purchase price Full call number Barcode Copy number Cost, replacement price Koha item type
      Non-fiction Sarojini Nagar Sarojini Nagar 11/04/2022 DBAD/PUB 200.00 133.9 KAP EN-115787 1 200.00 English Books

© Delhi Public Library
Hit Counter
free hit counter